| 000 -CABECERA |
| fixed length control field |
01229nam a22002057a 4500 |
| 003 - IDENTIFICADOR DEL NÚMERO DE CONTROL |
| control field |
AR-CdUCM |
| 008 - DATOS DE LONGITUD FIJA--INFORMACIÓN GENERAL |
| fixed length control field |
190318b ||||| |||| 00| 0 spa d |
| 040 ## - FUENTE DE LA CATALOGACIÓN |
| Agencia/entidad que catalogó originalmente la obra |
MUNICIPALIDAD PROVINCIAL DEL CUSCO |
| Entidad que transcribió la catalogación |
BIBLIOTECA MUNICIPAL DEL CUSCO |
| 082 ## - NÚMERO DE LA CLASIFICACIÓN DECIMAL DEWEY |
| No. de Clasificación |
940.3 / |
| Notacion interna |
S56 |
| 100 ## - ENTRADA PRINCIPAL--NOMBRE DE PERSONA |
| Nombre Personal |
Simonds, Frank H. |
| 245 ## - MENCIÓN DE TÍTULO |
| Título |
Historia de la guerra del mundo / |
| 260 ## - PUBLICACIÓN, DISTRIBUCIÓN, ETC. |
| Lugar de publicación, distribución, etc. |
Londres : |
| Nombre de la editorial, distribuidor, etc. |
W. M. Jackson, |
| Fecha de publicación, distribución, etc. |
1920. |
| 300 ## - DESCRIPCIÓN FÍSICA |
| Nº de Páginas Extensión |
4 tomos ; |
| Otros detalles físicos |
Ilustraciones, |
| Dimensiones |
25.5 cm. |
| 505 ## - NOTA DE CONTENIDO CON FORMATO |
| Nota de contenido formateada |
Contenido: t.2 -- La nueva fase -- La transformación -- Historia naval -- El poder marítimo y el lugar al sol de Alemania -- Los submarinos -- La batalla del dunajec -- t.3 -- El nuevo periodo -- Verdún, el ataque Alemán -- Verdún , la defensa francesa -- El sitio de Verdún -- t.4 -- La cuarta fase -- El pueblo de los Estado Unidos y la guerra -- El progreso de los acontecimientos -- La gran retirada -- La batalla de Arrás- Bagdad -- t.5 -- La fase final -- Picardía, la batalla del Káiser -- Flandes, la batalla del Lys -- La tormenta de la paz- segundo Marne -- América desde Cantigny a Saint-Mihiel ... |
| 650 ## - PUNTO DE ACCESO ADICIONAL DE MATERIA--TÉRMINO DE MATERIA |
| Descriptor |
Historia de la guerra |
| 9 (RLIN) |
18371 |
| 700 ## - PUNTO DE ACCESO ADICIONAL--NOMBRE DE PERSONA |
| Nombre Personal |
Torres Calderón, Carmen |
| 9 (RLIN) |
18372 |
| 942 ## - ELEMENTOS DE PUNTO DE ACCESO ADICIONAL (KOHA) |
| Fuente de clasificación |
|
| Tipo de item |
Libros-BMC |
| 945 ## - PROCESAMIENTO DE INFORMACIÓN LOCAL (OCLC) |
| Catalogador |
acv |